000
00248nam a22001097a 4500
008
160518b xxu||||| |||| 00| 0 eng d
020
_a
1566364783
041
_a
eng
080
_a
530.1
245
_a
Physicians' desk reference:
_c
PDR
942
_2
udc
_c
BK
999
_c
2173
_d
2173